[Event "interzonal (w)"]
[Site "Jakarta INA"]
[Date "1993.??.??"]
[Round "3"]
[White "Johansson, Viktoria"]
[Black "Sulistya, Maria Lucia Ratna"]
[Result "1/2-1/2"]
[WhiteElo "2155"]
[BlackElo "2190"]
[EventDate "1993.07.??"]
[PlyCount "105"]

1.d4 Nf6 2.c4 e6 3.Nf3 b6 4.g3 Ba6 5.Qc2 c5 6.Bg2 Bb7 7.dxc5 Bxc5 8.Nc3 
Nc6 9.O-O O-O 10.e4 Nb4 11.Qe2 Rc8 12.a3 Nc6 13.e5 Ne8 14.Rd1 f6 15.b4 Be7
16.Bb2 a6 17.Rd2 Qc7 18.Rad1 Nb8 19.Na4 Bc6 20.b5 axb5 21.cxb5 Bd5 22.Qe3 
Bc5 23.Nxc5 Qxc5 24.Qxc5 Rxc5 25.a4 Rc4 26.Rd4 Rxd4 27.Nxd4 Bxg2 28.Kxg2 
fxe5 29.Nf3 d5 30.Nxe5 Nf6 31.Rc1 Ne4 32.f4 g5 33.Ba3 Re8 34.Rc7 gxf4 35.
gxf4 Rd8 36.Rb7 d4 37.Rxb6 Nd7 38.Nxd7 Rxd7 39.Rxe6 d3 40.Bb4 Rd4 41.Be1 
Nc5 42.Rc6 d2 43.Bxd2 Rxd2+ 44.Kg3 Nxa4 45.Rc8+ Kf7 46.Rc7+ Kg6 47.b6 Rb2 
48.b7 Rb4 49.h3 Nb2 50.f5+ Kf6 51.Rc6+ Kf7 52.Rc7+ Kf6 53.Rc6+ 1/2-1/2

[Event "interzonal (w)"]
[Site "Jakarta INA"]
[Date "1993.??.??"]
[Round "3"]
[White "Khurtsidze, Nino"]
[Black "Demina, Yulia"]
[Result "1/2-1/2"]
[WhiteElo "2325"]
[BlackElo "2365"]
[EventDate "1993.07.??"]
[PlyCount "59"]

1.d4 d5 2.c4 e6 3.Nc3 c6 4.e4 dxe4 5.Nxe4 Bb4+ 6.Bd2 Qxd4 7.Bxb4 Qxe4+ 8.
Ne2 Nd7 9.Qd6 a5 10.Bc3 Ne7 11.O-O-O e5 12.Ng3 Qf4+ 13.Rd2 h5 14.f3 Rh6 
15.Qc7 c5 16.Ne4 Nf5 17.g3 Qxd2+ 18.Kxd2 Rc6 19.Bxe5 Rxc7 20.Bxc7 Nd4 21.
Bg2 Ne6 22.Bd6 Ra6 23.Bh3 Ng5 24.Nxg5 Rxd6+ 25.Kc3 b6 26.Re1+ Kf8 27.Nh7+ 
Kg8 28.Ng5 Kf8 29.Nh7+ Kg8 30.Ng5 1/2-1/2

[Event "interzonal (w)"]
[Site "Jakarta INA"]
[Date "1993.??.??"]
[Round "3"]
[White "Marinello, Beatriz"]
[Black "Levitan, Yuliya"]
[Result "1-0"]
[WhiteElo "2160"]
[BlackElo "2270"]
[EventDate "1993.07.??"]
[PlyCount "59"]

1.e4 c5 2.Nf3 Nc6 3.d4 cxd4 4.Nxd4 Nf6 5.Nc3 g6 6.Be3 Bg7 7.Bc4 Qa5 8.O-O 
O-O 9.Bb3 d6 10.h3 Bd7 11.f4 Nxd4 12.Bxd4 Bc6 13.Nd5 Rfe8 14.Bc3 Qd8 15.
Qd3 Nxd5 16.Bxg7 Kxg7 17.exd5 Qb6+ 18.Kh2 Bd7 19.Rae1 Rec8 20.c3 Bf5 21.
Qf3 Qb5 22.c4 Qa5 23.g4 Bd7 24.f5 gxf5 25.gxf5 f6 26.Qh5 Qd2+ 27.Re2 Qd4 
28.Kh1 b5 29.Rfe1 e5 30.fxe6 1-0

[Event "interzonal (w)"]
[Site "Jakarta INA"]
[Date "1993.??.??"]
[Round "3"]
[White "Peng Zhaoqin"]
[Black "Kulish, Irina"]
[Result "1-0"]
[WhiteElo "2335"]
[BlackElo "2225"]
[EventDate "1993.07.??"]
[PlyCount "63"]

1.d4 Nf6 2.Nf3 e6 3.g3 c5 4.Bg2 cxd4 5.Nxd4 d5 6.O-O Nc6 7.c4 Bc5 8.Nb3 
Be7 9.Nc3 dxc4 10.Nd2 Na5 11.e4 e5 12.h3 O-O 13.f4 Bc5+ 14.Kh2 Bd4 15.Qe2 
Qc7 16.Nf3 Bxc3 17.bxc3 exf4 18.Bxf4 Qe7 19.Nd4 Qc5 20.Rab1 Bd7 21.Be3 Qe5
22.Nf5 Nc6 23.Qxc4 Be6 24.Qc5 Qxc5 25.Bxc5 Rfd8 26.Rxb7 Rd2 27.Rc7 Ne5 28.
Bd4 Nc4 29.Nxg7 Kxg7 30.Rxf6 Rxd4 31.cxd4 Kxf6 32.e5+ 1-0

[Event "interzonal (w)"]
[Site "Jakarta INA"]
[Date "1993.??.??"]
[Round "3"]
[White "Qin Kanying"]
[Black "Safranska, Anda"]
[Result "1-0"]
[WhiteElo "2410"]
[BlackElo "2290"]
[EventDate "1993.07.??"]
[PlyCount "77"]

1.e4 Nf6 2.e5 Nd5 3.d4 d6 4.Nf3 g6 5.Be2 Bg7 6.c4 Nb6 7.exd6 cxd6 8.h3 O-O
9.O-O Nc6 10.Nc3 Bf5 11.b3 e5 12.Be3 h6 13.a4 Nc8 14.Qd2 Kh7 15.Rad1 N8e7 
16.Qc1 Qb8 17.Qa3 Re8 18.Nb5 Nc8 19.dxe5 dxe5 20.c5 Be6 21.Nd6 Rd8 22.Bc4 
Bxc4 23.bxc4 Qc7 24.Rd5 N8e7 25.Rd2 Nf5 26.Rfd1 Qe7 27.Qb3 Rab8 28.Nxf5 
gxf5 29.Rd5 f4 30.Bc1 e4 31.Re1 Rxd5 32.cxd5 Nd4 33.Nxd4 Bxd4 34.Bxf4 Re8 
35.d6 Qd7 36.Qd5 Bc3 37.Rxe4 Rxe4 38.Qxe4+ Kg8 39.Bxh6 1-0

[Event "interzonal (w)"]
[Site "Jakarta INA"]
[Date "1993.??.??"]
[Round "3"]
[White "Thipsay, Bagyashree Sathe"]
[Black "Lelchuk, Zoya"]
[Result "1-0"]
[WhiteElo "2175"]
[BlackElo "2340"]
[EventDate "1993.07.??"]
[PlyCount "89"]

1.e4 d6 2.d4 Nf6 3.Nc3 g6 4.f4 Bg7 5.Nf3 O-O 6.e5 dxe5 7.fxe5 Nd5 8.Bc4 
Be6 9.Qe2 Nxc3 10.bxc3 Bxc4 11.Qxc4 Nd7 12.O-O Nb6 13.Qd3 Qd5 14.Bg5 f6 
15.Bf4 c6 16.Rfb1 fxe5 17.Bxe5 Bh6 18.Rb4 Rf7 19.c4 Qa5 20.a3 Raf8 21.Qb3 
Nd7 22.c5 Qd8 23.Rxb7 Nxe5 24.dxe5 Kh8 25.Re1 a5 26.e6 Rf5 27.Rd7 Qb8 28.
Rxe7 Qf4 29.Qc3+ Kg8 30.Rd7 Qg4 31.e7 Rxf3 32.Qxf3 Qxd7 33.exf8=Q+ Bxf8 
34.Qe3 Qf5 35.Qe6+ Qxe6 36.Rxe6 Bxc5+ 37.Kf1 Bxa3 38.Rxc6 Bb4 39.Ke2 a4 
40.Kd3 a3 41.Ra6 Kf7 42.Kc4 Be7 43.Kd5 h5 44.c4 g5 45.c5 1-0

[Event "interzonal (w)"]
[Site "Jakarta INA"]
[Date "1993.??.??"]
[Round "3"]
[White "Uskova, Fliura"]
[Black "Jurgens, Vera"]
[Result "1-0"]
[WhiteElo "2260"]
[BlackElo "2350"]
[EventDate "1993.07.??"]
[PlyCount "69"]

1.e4 e5 2.Bc4 Bc5 3.Nc3 Nc6 4.Qg4 g6 5.Qf3 Nf6 6.Nge2 h6 7.d3 d6 8.Bd2 a6 
9.O-O-O Bg4 10.Qg3 Qd7 11.f3 Be6 12.Nd5 Bxd5 13.exd5 Ne7 14.f4 Qg4 15.fxe5
Nf5 16.Qxg4 Nxg4 17.d4 Bb6 18.Rde1 O-O-O 19.e6 Rhe8 20.exf7 Rf8 21.Nf4 
Rxf7 22.c3 Rg8 23.h3 Nf6 24.Rhf1 Ng3 25.Rf3 Nge4 26.Bd3 Nxd2 27.Kxd2 Nh5 
28.Nxg6 Rxf3 29.gxf3 Kd8 30.f4 Nf6 31.f5 c6 32.dxc6 bxc6 33.Re6 Ne8 34.f6 
Rxg6 35.Bxg6 1-0

[Event "interzonal (w)"]
[Site "Jakarta INA"]
[Date "1993.??.??"]
[Round "3"]
[White "Voiska, Margarita"]
[Black "Wang Pin"]
[Result "0-1"]
[WhiteElo "2345"]
[BlackElo "2335"]
[EventDate "1993.07.??"]
[PlyCount "76"]

1.c4 e5 2.Nc3 Nf6 3.g3 d5 4.cxd5 Nxd5 5.Bg2 Nb6 6.Nf3 Nc6 7.O-O Be7 8.Rb1 
O-O 9.b4 f6 10.b5 Nd4 11.d3 a6 12.a4 axb5 13.axb5 Re8 14.Nd2 Ra7 15.e3 Ne6
16.Nb3 f5 17.Qc2 Bd7 18.e4 Nd4 19.Nxd4 exd4 20.Nd5 Nxd5 21.exd5 Bd6 22.Bb2
b6 23.Bxd4 Re7 24.Rfe1 Ra5 25.f4 Rxe1+ 26.Rxe1 Qa8 27.Qe2 Ra2 28.Qf3 Qa4 
29.Be5 Qb4 30.Qe3 Bc5 31.d4 Qb2 32.Qf3 Bxd4+ 33.Bxd4 Qxd4+ 34.Qe3 Qb2 35.
Qf3 Ra1 36.Rxa1 Qxa1+ 37.Qf1 Qb2 38.Qc4 Bxb5 0-1

[Event "interzonal (w)"]
[Site "Jakarta INA"]
[Date "1993.??.??"]
[Round "3"]
[White "Wijayanti, Lindri Juni"]
[Black "Botsari, Anna-Maria"]
[Result "0-1"]
[WhiteElo "2185"]
[BlackElo "2245"]
[EventDate "1993.07.??"]
[PlyCount "78"]

1.e4 e5 2.Nf3 Nc6 3.Bb5 f5 4.d4 fxe4 5.Nxe5 Nxe5 6.dxe5 c6 7.Nc3 cxb5 8.
Nxe4 d5 9.exd6 Nf6 10.Bg5 Qa5+ 11.Bd2 b4 12.Qe2 Qe5 13.Nxf6+ gxf6 14.Qxe5+
fxe5 15.Bxb4 Rg8 16.Bc3 Bxd6 17.O-O-O Ke7 18.Rd2 Rxg2 19.Rhd1 Bg4 20.Rxd6 
Bxd1 21.Rxd1 Rxh2 22.Re1 Rxf2 23.Bxe5 Kf7 24.Rh1 Ke6 25.Bd4 Rf7 26.c3 a6 
27.Kd2 Rg8 28.Rh2 Rg5 29.Re2+ Kd5 30.b3 h5 31.Be3 Rg4 32.Kd3 h4 33.Rh2 Rf3
34.Ke2 Ke4 35.Bf2 h3 36.c4 Rg2 37.Rxg2 hxg2 38.Bb6 Rf1 39.Kd2 Kf3 0-1

[Event "interzonal (w)"]
[Site "Jakarta INA"]
[Date "1993.??.??"]
[Round "4"]
[White "Botsari, Anna-Maria"]
[Black "Gurieli, Nino"]
[Result "1/2-1/2"]
[WhiteElo "2245"]
[BlackElo "2355"]
[EventDate "1993.07.??"]
[PlyCount "143"]

1.d4 d6 2.e4 Nf6 3.f3 e5 4.d5 Be7 5.Be3 O-O 6.Qd2 c6 7.c4 b5 8.cxb5 cxd5 
9.exd5 Bb7 10.Nc3 Qa5 11.Bc4 a6 12.a3 Rc8 13.bxa6 Nxa6 14.Ba2 Nc7 15.Rd1 
Ncxd5 16.Nxd5 Bxd5 17.Qxa5 Rxa5 18.Bb1 Rb5 19.b4 Bb3 20.Rc1 Ra8 21.Rc7 Nd5
22.Ra7 Rxa7 23.Bxa7 Nc3 24.Be4 d5 25.Bd3 Rb7 26.Be3 d4 27.Bc1 Na2 28.Bb2 
Bg5 29.Nh3 Be3 30.Ke2 g6 31.g4 Rc7 32.b5 Rb7 33.Nf2 f5 34.gxf5 gxf5 35.Ra1
Bd5 36.a4 Ra7 37.Bxf5 Rxa4 38.Ng4 Rb4 39.Nf6+ Kf7 40.Nxd5 Rxb2+ 41.Kd3 
Nb4+ 42.Nxb4 Rxb4 43.Bxh7 Rxb5 44.Ra7+ Kf6 45.Bg8 Rb2 46.Ra2 Rb1 47.Ke4 
Re1 48.Bc4 Bd2+ 49.Kd3 Bf4 50.Re2 Rc1 51.Rc2 Rh1 52.Ke4 Bxh2 53.Rg2 Bf4 
54.Bd3 Rd1 55.Rf2 Re1+ 56.Re2 Rg1 57.Rf2 Ke6 58.Rf1 Rg2 59.Rb1 Kd6 60.Rb6+
Kc5 61.Rb5+ Kc6 62.Rb1 Rh2 63.Rg1 Kc5 64.Rg8 Rh4 65.Rg4 Rh1 66.Rg2 Kb4 67.
Rb2+ Kc3 68.Rc2+ Kb3 69.Rg2 Re1+ 70.Re2 Rc1 71.Rf2 Kc3 72.Rf1 1/2-1/2

[Event "interzonal (w)"]
[Site "Jakarta INA"]
[Date "1993.??.??"]
[Round "4"]
[White "Csoke, Adrienn"]
[Black "Johansson, Viktoria"]
[Result "1-0"]
[WhiteElo "2235"]
[BlackElo "2155"]
[EventDate "1993.07.??"]
[PlyCount "87"]

1.e4 c6 2.d4 d5 3.f3 dxe4 4.fxe4 e5 5.Nf3 Be6 6.c3 Nf6 7.Bd3 Nbd7 8.Qe2 
Qc7 9.Nbd2 Bd6 10.Nc4 h6 11.O-O O-O 12.Nxd6 Qxd6 13.Bd2 Rad8 14.Bc2 Bg4 
15.Qf2 Bh5 16.Rad1 Qc7 17.Qg3 Kh8 18.Kh1 Rde8 19.Rde1 Qd8 20.Bc1 Bg6 21.
Nh4 Bh7 22.Nf5 Nh5 23.Qh3 Ndf6 24.g4 Bxf5 25.Rxf5 Nf4 26.Bxf4 exf4 27.Rxf4
Nh7 28.Ref1 Ng5 29.Qg3 Qc7 30.e5 c5 31.h4 Ne6 32.Qd3 g6 33.Rf6 cxd4 34.h5 
Qxe5 35.hxg6 Qg5 36.gxf7 Qh4+ 37.Kg2 Qxg4+ 38.Qg3 Nf4+ 39.R6xf4 Re2+ 40.
R4f2 Qxg3+ 41.Kxg3 Re3+ 42.Rf3 Rxf7 43.Rxe3 Kg7 44.Ref3 1-0

[Event "interzonal (w)"]
[Site "Jakarta INA"]
[Date "1993.??.??"]
[Round "4"]
[White "Foisor, Cristina"]
[Black "Dabrowska, Krystyna"]
[Result "1-0"]
[WhiteElo "2360"]
[BlackElo "2240"]
[EventDate "1993.07.??"]
[PlyCount "109"]

1.g3 c5 2.c4 Nc6 3.Bg2 g6 4.Nc3 Bg7 5.Nf3 b6 6.O-O Bb7 7.d3 Nh6 8.Bd2 O-O 
9.a3 Nf5 10.e3 e6 11.Rb1 a5 12.Qb3 Rb8 13.Nb5 d5 14.Rfd1 Ne5 15.Nxe5 Bxe5 
16.Bc3 d4 17.exd4 Bxd4 18.Nxd4 Nxd4 19.Bxd4 Qxd4 20.Qb5 Bxg2 21.Kxg2 Qd6 
22.b4 axb4 23.axb4 Ra8 24.bxc5 bxc5 25.Qb6 Qd4 26.Qb2 Qxb2 27.Rxb2 Ra7 28.
Rb5 Rc8 29.h4 Kf8 30.Rdb1 Ke7 31.Kf3 Kd6 32.Ke3 e5 33.h5 f5 34.hxg6 hxg6 
35.Rh1 Re7 36.Rh6 Re6 37.Rh7 Rc6 38.Rbb7 Ra6 39.Rbc7 e4 40.Kf4 Re8 41.
Rhd7+ Ke6 42.dxe4 fxe4 43.Rg7 Rf8+ 44.Kxe4 Kf6 45.Rgd7 Re8+ 46.Kf3 Ra3+ 
47.Kg2 Re5 48.Rf7+ Ke6 49.Rfe7+ Kf6 50.Rxe5 Kxe5 51.Rxc5+ Kf6 52.Rc8 Rc3 
53.c5 g5 54.c6 Ke7 55.c7 1-0

[Event "interzonal (w)"]
[Site "Jakarta INA"]
[Date "1993.??.??"]
[Round "4"]
[White "Galliamova-Ivanchuk, Alisa"]
[Black "Amura, Claudia"]
[Result "1-0"]
[WhiteElo "2435"]
[BlackElo "2365"]
[EventDate "1993.07.??"]
[PlyCount "95"]

1.d4 d5 2.c4 e6 3.Nc3 Be7 4.Nf3 Nf6 5.Qc2 O-O 6.Bg5 c5 7.dxc5 d4 8.O-O-O 
Nc6 9.e3 e5 10.exd4 exd4 11.a3 a5 12.Na4 Bg4 13.Be2 Nd7 14.Bxe7 Qxe7 15.
Bd3 g6 16.Rhe1 Qf6 17.Rd2 Bxf3 18.gxf3 Rac8 19.Be4 Qg5 20.Bd5 Rfe8 21.Rd1 
Nde5 22.Kb1 Qf4 23.Qb3 Rc7 24.Nb6 d3 25.Be4 Nxf3 26.Bxf3 Qxf3 27.Nd5 Rcc8 
28.Rxd3 Qf5 29.Ka2 Ne5 30.Rd4 Kg7 31.f4 Ng4 32.Qc3 Nf6 33.Qxa5 Ne4 34.Qb4 
Nxc5 35.Qc3 Kg8 36.Nb6 Rc6 37.Rd8 Re6 38.Rxe8+ Rxe8 39.Nd5 Ne4 40.Qd4 Qc8 
41.Re1 f5 42.Re3 Qc6 43.Rb3 Kf7 44.h4 Rc8 45.Ka1 h5 46.Rb6 Qd7 47.Rf6+ 
Nxf6 48.Qxf6+ 1-0

[Event "interzonal (w)"]
[Site "Jakarta INA"]
[Date "1993.??.??"]
[Round "4"]
[White "Lelchuk, Zoya"]
[Black "Holoubkova, Martina"]
[Result "0-1"]
[WhiteElo "2340"]
[BlackElo "2235"]
[EventDate "1993.07.??"]
[PlyCount "44"]

1.c4 g6 2.Nc3 Bg7 3.Nf3 d6 4.d4 Nf6 5.e4 O-O 6.Be2 e5 7.O-O Nc6 8.d5 Ne7 
9.Nd2 a5 10.b3 Nd7 11.Ba3 b6 12.b4 axb4 13.Bxb4 f5 14.a4 Nf6 15.f3 Bh6 16.
Nb3 Nh5 17.a5 Be3+ 18.Kh1 f4 19.Qd3 Nf5 20.exf5 Ng3+ 21.hxg3 fxg3 22.Ne4 
Rxf5 0-1

[Event "interzonal (w)"]
[Site "Jakarta INA"]
[Date "1993.??.??"]
[Round "4"]
[White "Levitan, Yuliya"]
[Black "Lumongdong, Lisa Karlina"]
[Result "0-1"]
[WhiteElo "2270"]
[BlackElo "2080"]
[EventDate "1993.07.??"]
[PlyCount "128"]

1.e4 c5 2.Nf3 Nc6 3.d4 cxd4 4.Nxd4 Nf6 5.Nc3 d6 6.Be2 e5 7.Nf3 h6 8.h3 Be7
9.O-O O-O 10.Be3 Be6 11.Qd2 d5 12.exd5 Nxd5 13.Nxd5 Bxd5 14.Rfd1 Be6 15.
Qc3 Qc7 16.a3 Rac8 17.Bc5 e4 18.Bxe7 Qxe7 19.Ne1 Rfd8 20.Qe3 Bf5 21.c3 Qe5
22.f3 exf3 23.Qxe5 Nxe5 24.Nxf3 Nxf3+ 25.Bxf3 b6 26.Bd5 Kf8 27.Rd4 Rc7 28.
Rf1 Bc8 29.Bxf7 Rxd4 30.Bb3+ Ke7 31.cxd4 Kd6 32.Rf7 Rc1+ 33.Kh2 Rb1 34.
Rxa7 Rxb2 35.Bg8 Bd7 36.d5 Rf2 37.Ra8 Ra2 38.Rd8 Rxa3 39.Be6 Ra7 40.Rb8 
Bxe6 41.Rxb6+ Kxd5 42.Rb2 Ke5 43.Re2+ Kf6 44.Rf2+ Ke7 45.Rb2 Ra2 46.Rb7+ 
Kf6 47.Rb6 g5 48.Kg3 h5 49.h4 gxh4+ 50.Kxh4 Rxg2 51.Ra6 Rh2+ 52.Kg3 Rh3+ 
53.Kg2 Rb3 54.Rd6 h4 55.Rd8 h3+ 56.Kg1 Rb2 57.Rd4 Kg5 58.Rd8 Bf5 59.Rh8 
Kg4 60.Re8 Kg3 61.Re3+ Kf4 62.Re8 Bg4 63.Rf8+ Kg3 64.Rf1 Be2 0-1

[Event "interzonal (w)"]
[Site "Jakarta INA"]
[Date "1993.??.??"]
[Round "4"]
[White "Maric, Alisa"]
[Black "Qin Kanying"]
[Result "1/2-1/2"]
[WhiteElo "2405"]
[BlackElo "2410"]
[EventDate "1993.07.??"]
[PlyCount "39"]

1.d4 Nf6 2.c4 g6 3.Nf3 Bg7 4.g3 O-O 5.Bg2 d5 6.cxd5 Nxd5 7.O-O Nb6 8.Nc3 
Nc6 9.d5 Na5 10.Qc2 Nxd5 11.Rd1 c6 12.Ne1 Bd7 13.Nxd5 cxd5 14.Rxd5 e6 15.
Rd3 Rc8 16.Qd1 Rc7 17.Bf4 e5 18.Rc1 Nc6 19.Bd2 Qe7 20.Be3 1/2-1/2

[Event "interzonal (w)"]
[Site "Jakarta INA"]
[Date "1993.??.??"]
[Round "4"]
[White "Marinello, Beatriz"]
[Black "Maric, Mirjana"]
[Result "1/2-1/2"]
[WhiteElo "2160"]
[BlackElo "2305"]
[EventDate "1993.07.??"]
[PlyCount "57"]

1.e4 e6 2.d4 d5 3.e5 c5 4.c3 Nc6 5.Nf3 Qb6 6.a3 Bd7 7.Be2 Nh6 8.b4 cxd4 9.
cxd4 Nf5 10.Bb2 Be7 11.O-O O-O 12.Bd3 g6 13.Bxf5 gxf5 14.Bc1 Kh8 15.b5 
Qxb5 16.Ng5 f6 17.Nxh7 Rf7 18.Nxf6 Bxf6 19.exf6 Rxf6 20.a4 Qb6 21.Ra3 Kg7 
22.Qh5 Rg6 23.Rh3 Kf7 24.Qh7+ Rg7 25.Qh5+ Rg6 26.Qh7+ Rg7 27.Qh5+ Rg6 28.
Qh7+ Rg7 29.Qh5+ 1/2-1/2

[Event "interzonal (w)"]
[Site "Jakarta INA"]
[Date "1993.??.??"]
[Round "4"]
[White "Sofieva, Ainur"]
[Black "Uskova, Fliura"]
[Result "1-0"]
[WhiteElo "2390"]
[BlackElo "2260"]
[EventDate "1993.07.??"]
[PlyCount "73"]

1.e4 c5 2.Nf3 Nc6 3.d3 g6 4.g3 Bg7 5.Bg2 e5 6.O-O Nge7 7.c3 O-O 8.Nbd2 d6 
9.a3 a5 10.a4 Kh8 11.Ne1 f5 12.f4 Be6 13.Ndf3 Bg8 14.Be3 b6 15.Nc2 Qd7 16.
Na3 Rad8 17.Nb5 Na7 18.Na3 Nac6 19.Qc2 d5 20.Nxe5 Nxe5 21.fxe5 dxe4 22.
dxe4 Bxe5 23.Bg5 Rde8 24.Rad1 Qc8 25.Nb5 Bc4 26.Rf2 Qe6 27.Re1 Bb3 28.Qe2 
Bb8 29.exf5 Nxf5 30.Qxe6 Bxe6 31.Bc6 Bf7 32.Bxe8 Rxe8 33.Rxe8+ Bxe8 34.g4 
Nd6 35.Bf4 Bxb5 36.axb5 Bc7 37.Bh6 1-0

[Event "interzonal (w)"]
[Site "Jakarta INA"]
[Date "1993.??.??"]
[Round "4"]
[White "Starr, Nava"]
[Black "Safranska, Anda"]
[Result "1/2-1/2"]
[WhiteElo "2210"]
[BlackElo "2290"]
[EventDate "1993.07.??"]
[PlyCount "82"]

1.e4 Nf6 2.e5 Nd5 3.c4 Nb6 4.b3 g6 5.Nc3 d6 6.exd6 cxd6 7.d4 Bg7 8.Bb2 O-O
9.Nf3 Bg4 10.Be2 d5 11.c5 Nc8 12.h3 Bxf3 13.Bxf3 e6 14.O-O Nc6 15.Nb5 Qh4 
16.Bg4 h5 17.g3 Qf6 18.Bf3 a6 19.Na3 Nxd4 20.Bg2 Nf3+ 21.Bxf3 Qxb2 22.Nc2 
Ne7 23.b4 Nc6 24.a3 Qc3 25.Rc1 Ne5 26.Be2 Bh6 27.Ra1 Nc4 28.Qd3 Qf6 29.Ra2
Rfc8 30.Qd4 Qxd4 31.Nxd4 a5 32.Bxc4 dxc4 33.Rc2 axb4 34.axb4 h4 35.Rxc4 
hxg3 36.fxg3 Be3+ 37.Kg2 Ra2+ 38.Kf3 Bxd4 39.Rxd4 Rb2 40.Rf2 Rb3+ 41.Kg2 
Rc7 1/2-1/2

[Event "interzonal (w)"]
[Site "Jakarta INA"]
[Date "1993.??.??"]
[Round "4"]
[White "Sulistya, Maria Lucia Ratna"]
[Black "Wijayanti, Lindri Juni"]
[Result "1/2-1/2"]
[WhiteElo "2190"]
[BlackElo "2185"]
[EventDate "1993.07.??"]
[PlyCount "52"]

1.e4 d5 2.exd5 Nf6 3.Nc3 Nxd5 4.Bc4 e6 5.Qf3 Nb6 6.Bb5+ N8d7 7.d4 c6 8.Bd3
Nf6 9.Nge2 Nbd5 10.Bg5 Be7 11.O-O Nb4 12.Rad1 Nxd3 13.Rxd3 Nd5 14.Bxe7 
Nxe7 15.Ne4 Ng6 16.Qg3 O-O 17.Nf4 Nxf4 18.Qxf4 b6 19.Rg3 f6 20.Qh6 Rf7 21.
Rd1 Ba6 22.Qe3 Qe7 23.Qa3 Qxa3 24.Rxa3 Bb7 25.Nd6 Rd7 26.Nxb7 Rxb7 1/2-1/2

[Event "interzonal (w)"]
[Site "Jakarta INA"]
[Date "1993.??.??"]
[Round "4"]
[White "Wang Pin"]
[Black "Peng Zhaoqin"]
[Result "1/2-1/2"]
[WhiteElo "2335"]
[BlackElo "2335"]
[EventDate "1993.07.??"]
[PlyCount "25"]

1.e4 e6 2.d4 d5 3.Nd2 Nf6 4.e5 Nfd7 5.Bd3 c5 6.c3 Nc6 7.Ne2 cxd4 8.cxd4 
Qb6 9.Nf3 f6 10.exf6 Nxf6 11.O-O Bd6 12.Nc3 O-O 13.Be3 1/2-1/2

[Event "interzonal (w)"]
[Site "Jakarta INA"]
[Date "1993.??.??"]
[Round "5"]
[White "Gurieli, Nino"]
[Black "Marinello, Beatriz"]
[Result "1-0"]
[WhiteElo "2355"]
[BlackElo "2160"]
[EventDate "1993.07.??"]
[PlyCount "41"]

1.Nf3 d6 2.d4 Nf6 3.Nc3 Nbd7 4.e4 e5 5.Bc4 Be7 6.Ng5 d5 7.exd5 O-O 8.O-O 
exd4 9.Qxd4 Bc5 10.Qh4 Ne5 11.Nce4 h6 12.Nxc5 Nxc4 13.Qxc4 hxg5 14.Bxg5 
Qxd5 15.Qxd5 Nxd5 16.Rad1 Nb4 17.c3 Nc6 18.Bf4 b6 19.Nb3 Be6 20.Rfe1 Rae8 
21.h3 1-0

[Event "interzonal (w)"]
[Site "Jakarta INA"]
[Date "1993.??.??"]
[Round "5"]
[White "Holoubkova, Martina"]
[Black "Wang Pin"]
[Result "0-1"]
[WhiteElo "2235"]
[BlackElo "2335"]
[EventDate "1993.07.??"]
[PlyCount "118"]

1.d4 Nf6 2.Nf3 g6 3.Nc3 Bg7 4.e4 d6 5.Be2 O-O 6.O-O Bg4 7.Be3 Nc6 8.h3 
Bxf3 9.Bxf3 e5 10.dxe5 dxe5 11.Bc5 Re8 12.Nb5 Nd7 13.Be3 a6 14.Na3 Qe7 15.
c3 Nc5 16.Qe2 Ne6 17.Rfd1 Rad8 18.Nc2 Nf4 19.Qf1 Qf6 20.Be2 Nxe2+ 21.Qxe2 
Qe6 22.b3 Bf8 23.Qg4 Qe7 24.Bg5 f6 25.Bh4 Bh6 26.Qf3 Kg7 27.Ne3 Bxe3 28.
Qxe3 g5 29.Bg3 Qe6 30.Qc5 Rd7 31.Rxd7+ Qxd7 32.Qd5 Rd8 33.Qxd7+ Rxd7 34.f3
Nd8 35.Kf1 Rd3 36.Be1 Ne6 37.Rc1 h5 38.Rc2 Kg6 39.Bd2 Nf4 40.Bxf4 exf4 41.
Ke2 Re3+ 42.Kf2 g4 43.c4 gxh3 44.gxh3 Kg5 45.Rd2 Kh4 46.Rd5 Rc3 47.Rf5 
Rc2+ 48.Ke1 Kg3 49.Rxf6 Kxf3 50.Kd1 Rxa2 51.e5 Re2 52.Rf5 h4 53.Rh5 b5 54.
Rxh4 Rxe5 55.Rh7 bxc4 56.bxc4 Kg3 57.Rxc7 f3 58.c5 f2 59.Rg7+ Kh2 0-1

[Event "interzonal (w)"]
[Site "Jakarta INA"]
[Date "1993.??.??"]
[Round "5"]
[White "Khurtsidze, Nino"]
[Black "Starr, Nava"]
[Result "1/2-1/2"]
[WhiteElo "2325"]
[BlackElo "2210"]
[EventDate "1993.07.??"]
[PlyCount "43"]

1.d4 Nf6 2.Nf3 c5 3.g3 cxd4 4.Nxd4 e5 5.Nf3 Nc6 6.c4 d5 7.cxd5 Qxd5 8.Bd2 
e4 9.Nc3 Qf5 10.Nh4 Qe6 11.Ng2 Bc5 12.Ne3 O-O 13.Bg2 a6 14.O-O b5 15.Qb3 
Qe5 16.Ned5 Nd4 17.Nxf6+ gxf6 18.Qd1 Bb7 19.Bf4 Qe6 20.e3 Nf3+ 21.Bxf3 
exf3 22.e4 1/2-1/2

[Event "interzonal (w)"]
[Site "Jakarta INA"]
[Date "1993.??.??"]
[Round "5"]
[White "Kulish, Irina"]
[Black "Csoke, Adrienn"]
[Result "1-0"]
[WhiteElo "2225"]
[BlackElo "2235"]
[EventDate "1993.07.??"]
[PlyCount "89"]

1.e4 c5 2.Nf3 b6 3.d4 cxd4 4.Nxd4 Bb7 5.f3 e6 6.Be3 Nf6 7.c4 d6 8.Nc3 Be7 
9.Qd2 O-O 10.Be2 a6 11.O-O Nbd7 12.Rfd1 Qc7 13.Rac1 Rac8 14.Bf1 Qb8 15.Qf2
Rfe8 16.Kh1 Qa8 17.Na4 Bd8 18.Nb3 d5 19.exd5 exd5 20.Nxb6 Bxb6 21.Bxb6 
dxc4 22.Na5 Re6 23.Bd4 Bd5 24.Nxc4 Rce8 25.b3 Nh5 26.Ne3 Bc6 27.Bc4 Rg6 
28.Bd3 Rg5 29.Bf1 Nf4 30.Qh4 Ne6 31.Bb2 Ndf8 32.Rd6 Bb7 33.Qf2 Ng6 34.Nc4 
Ngf4 35.Nb6 Qb8 36.Rcd1 h5 37.b4 a5 38.b5 h4 39.Qxh4 Qc7 40.Qf2 Rb8 41.Rd7
Qc5 42.Qxc5 Rxc5 43.Ba3 Rc7 44.Rxc7 Nxc7 45.Rd7 1-0

[Event "interzonal (w)"]
[Site "Jakarta INA"]
[Date "1993.??.??"]
[Round "5"]
[White "Levitan, Yuliya"]
[Black "Sulistya, Maria Lucia Ratna"]
[Result "1/2-1/2"]
[WhiteElo "2270"]
[BlackElo "2190"]
[EventDate "1993.07.??"]
[PlyCount "121"]

1.e4 e5 2.Nf3 Nc6 3.Bb5 a6 4.Ba4 Nf6 5.d3 b5 6.Bb3 Be7 7.O-O d6 8.c3 Na5 
9.Bc2 c5 10.Nbd2 O-O 11.Re1 Ne8 12.d4 Qc7 13.h3 cxd4 14.cxd4 Bb7 15.Nf1 
Rc8 16.Ne3 Bf6 17.d5 g6 18.Bd2 Nc4 19.Nxc4 bxc4 20.Rc1 Qb8 21.Bb1 Ba8 22.
Bc3 Bg7 23.Qe2 f5 24.Rcd1 fxe4 25.Ng5 Nf6 26.Ne6 Rfe8 27.Nxg7 Kxg7 28.Bxe4
Qb5 29.Bf3 Bxd5 30.Qd2 Bxf3 31.gxf3 Rcd8 32.f4 Kf7 33.fxe5 dxe5 34.Qe3 
Rxd1 35.Rxd1 Nh5 36.Re1 Nf4 37.Qf3 Kg8 38.Rd1 Nd3 39.b3 Rf8 40.bxc4 Rxf3 
41.cxb5 axb5 42.Rb1 Nxf2 43.Bxe5 Nxh3+ 44.Kg2 Rf5 45.Rxb5 Nf4+ 46.Kg3 Nd3 
47.Rb8+ Kf7 48.Bd4 Rd5 49.Be3 h5 50.a4 Ra5 51.Rb7+ Ke8 52.Ra7 Rxa7 53.Bxa7
Kf7 54.a5 Ke6 55.Be3 Nb4 56.Bd2 Nd5 57.a6 Nc7 58.a7 Kf5 59.Kh4 Na8 60.Ba5 
Kf4 61.Bd8 1/2-1/2

[Event "interzonal (w)"]
[Site "Jakarta INA"]
[Date "1993.??.??"]
[Round "5"]
[White "Maric, Alisa"]
[Black "Galliamova-Ivanchuk, Alisa"]
[Result "0-1"]
[WhiteElo "2405"]
[BlackElo "2435"]
[EventDate "1993.07.??"]
[PlyCount "158"]

1.d4 d5 2.c4 dxc4 3.Nf3 Nf6 4.e3 e6 5.Bxc4 a6 6.Qe2 c5 7.dxc5 Bxc5 8.O-O 
Qc7 9.Nbd2 Nc6 10.a3 Bd6 11.b4 O-O 12.Bb2 e5 13.e4 Nh5 14.Rac1 Nf4 15.Qe3 
Qe7 16.Rfd1 Bg4 17.h3 Bd7 18.Bf1 Rad8 19.Nc4 Bb8 20.Qc3 f6 21.Ne3 Be6 22.
Qe1 Ba7 23.Rxd8 Rxd8 24.Rd1 g6 25.Rxd8+ Qxd8 26.Qd2 Qxd2 27.Nxd2 b5 28.Kh2
Ba2 29.g3 Nh5 30.Kg2 Nd4 31.Bd3 Ng7 32.Bb1 Be6 33.Nc2 Nc6 34.Ne3 Bxe3 35.
fxe3 Ne8 36.g4 Nd6 37.Bc1 Nb8 38.Bc2 Nd7 39.Kf3 Nb6 40.Nb3 Bxb3 41.Bxb3+ 
Ndc4 42.Ke2 Kg7 43.Kd1 Nd6 44.Bc2 Kf8 45.Bb3 Ke7 46.Bc2 Na4 47.h4 h5 48.
gxh5 gxh5 49.Bd3 Nc4 50.Ke2 Nc3+ 51.Ke1 Nd6 52.Bb2 Ncxe4 53.a4 Ke6 54.axb5
axb5 55.Bc2 Ng3 56.Kf2 Ngf5 57.Bd1 Ne4+ 58.Kf1 Nd2+ 59.Kf2 Nc4 60.Bc1 Nxh4
61.Bxh5 e4 62.Be8 Nd6 63.Bc6 Ng6 64.Bb2 Ne7 65.Ba8 f5 66.Bd4 Kd7 67.Kg3 
Ne8 68.Bc5 Nc7 69.Bb7 Nc6 70.Bxc6+ Kxc6 71.Kf4 Ne6+ 72.Kxf5 Nxc5 73.bxc5 
Kxc5 74.Kxe4 Kc4 75.Kf3 b4 76.Ke2 Kc3 77.Kd1 Kb2 78.e4 b3 79.e5 Ka2 0-1

[Event "interzonal (w)"]
[Site "Jakarta INA"]
[Date "1993.??.??"]
[Round "5"]
[White "Maric, Mirjana"]
[Black "Dabrowska, Krystyna"]
[Result "1-0"]
[WhiteElo "2305"]
[BlackElo "2240"]
[EventDate "1993.07.??"]
[PlyCount "80"]

1.e4 e5 2.Nf3 Nc6 3.Bc4 Nf6 4.d3 h6 5.O-O d6 6.c3 g6 7.d4 Qe7 8.Nbd2 Bg7 
9.Re1 O-O 10.h3 Nh7 11.Nf1 Ng5 12.Nxg5 hxg5 13.d5 Nd8 14.Bd2 f5 15.Be2 Qf6
16.f3 Nf7 17.Be3 g4 18.fxg4 Bh6 19.gxf5 gxf5 20.Bxh6 Nxh6 21.exf5 Bxf5 22.
Bd3 Bxh3 23.gxh3 Qg5+ 24.Kh1 Rf2 25.Be4 Kh8 26.Re2 Rg8 27.Ne3 Rf6 28.Bg2 
Qh4 29.Qd2 Rgg6 30.Rf1 Qh5 31.Ref2 Rg3 32.Rf3 Rfg6 33.R1f2 e4 34.Rf6 Kg7 
35.Rxg6+ Rxg6 36.Rf1 Qh4 37.Qf2 Qg5 38.Qf8+ Kh7 39.Qf2 Kg7 40.Rg1 Rf6 1-0